Il generale del re /

Saved in:
Bibliographic Details
Main Author: Du Maurier, Daphne (Author)
Other Authors: Viani, Orazio
Format: Book
Language:Italian
Published: Milano : Club degli editori, 1974
Series:I grandi romanzi d'azione ; 21
Tags: Add Tag
No Tags, Be the first to tag this record!

MARC

LEADER 00000nam a22000007i 4500
001 IT\ICCU\SBL\0567524
003 ItRI
005 20250317220913.0
008 910930s1974 it |||||| ||||| |||||c
015 |2 IT  |a 752628 
040 |b ita  |c ARCIGAY RIMINI 
041 7 |a ita  |2 ISO-639-2 
082 |a 823.91  |2 17 
082 |a 823.91  |2 18 
100 1 |a Du Maurier, Daphne  |0 IT\ICCU\CFIV\036746  |4 aut 
240 1 4 |a The kingʼs general  |9 Du Maurier, Daphne 
245 1 3 |a Il generale del re /  |c Daphne du Maurier. 
260 |a Milano :  |b Club degli editori,  |c 1974 
300 |a 387 p. ;  |c 20 cm 
500 |a  Trad. O. Viani . 
700 1 |a Viani, Orazio  |0 IT\ICCU\BRIV\004127 
830 2 |a I grandi romanzi d'azione ;  |v 21  |0 IT\ICCU\RAV\0085605 
942 |2 ddc  |c BK 
952 |0 0  |1 0  |2 ddc  |4 0  |6 823_910000000000000_MAU_GEN  |7 1  |9 3702  |a RN  |b RN  |d 2025-03-17  |l 0  |o 823.91 MAU GEN  |p 10961  |r 2025-03-17 22:09:36  |w 2025-03-17  |x DONAZIONE DI MARINA MAGGIOLI  |y BK  |z DONAZIONE DI MARINA MAGGIOLI 
981 1 |6 z01  |a i   |b xxxe  
982 1 |6 z01  |a n 
999 |c 2891  |d 2891